| 000 | 00510nam a2200133Ia 4500 | ||
|---|---|---|---|
| 008 | 231129s2012||||xx |||||||||||||| ||spa|| | ||
| 020 | _a978-958-8755-39-7 | ||
| 082 | _aER- 521 | ||
| 100 | _aCardona Salazar Jhonier ... [et al.] | ||
| 245 | 0 | _aCaracterización de las pequeñas medianas y grandes empresas localizadas en los municipios de Pereira Dosquebradas y Santa Rosa de Cabal ... | |
| 260 | _c2012 | ||
| 264 | _aPereira: Gráficas Olímpica 2012 | ||
| 942 |
_2ddc _cBKS |
||
| 999 |
_c6631 _d6631 |
||